=LDR 00000nam 2200000 4500 =001 INLIS000000000022171 =005 20130612120945 =008 ***********************************Ind** =035 ##$$0010-061300000022171 =041 ##$$a Ind =082 ##$$a 813.08 =090 ##$$a 813.08, Isk-h =100 ##$$a ISKANDAR, N. St =245 ##$$a Hulubalang raja, Kejadian di pesisir Minangkabau, N. St. Iskandar =260 ##$$a 1990 $b Jakarta =300 ##$$a 214 hlm., 21 cm =650 ##$$a Fiksi sejarah =850 ##$$a NBPNMAT =990 ##$$a 0001/BPAP-NTB/2016